[Event "Madurai Athens of the East op 2nd"]
[Site "Madurai"]
[Date "2022.07.05"]
[Round "10"]
[White "Bartakke, Amardeep S"]
[Black "Konguvel, Ponnuswamy"]
[Result "0-1"]
[WhiteElo "1998"]
[BlackElo "2299"]
[PlyCount "108"]
[EventDate "2022.06.28"]
[EventType "swiss"]
[EventRounds "10"]
[EventCountry "IND"]
[SourceTitle "EXT 2023"]
[Source "ChessBase"]
[SourceDate "2022.10.05"]
[SourceVersion "1"]
[SourceVersionDate "2022.10.05"]
[SourceQuality "1"]

1. e4 c5 2. Nf3 Nc6 3. d4 cxd4 4. Nxd4 e5 5. Nb5 d6 6. a4 Nf6 7. N1c3 a6 8. Na3 Bg4 9. Qd2 Nd4 10. Nc4 Rc8 11. Ne3 Bf3 12. Qd3 Rxc3 13. bxc3 Bxe4 14. Qd1 Ne6 15. Be2 Be7 16. 0-0 0-0 17. Bf3 Nc5 18. c4 Bg6 19. Nd5 e4 20. Nxe7+ Qxe7 21. Be2 Rc8 22. Be3 Nfd7 23. Qd5 Nb6 24. Qd2 Nbxa4 25. Rfd1 Rc6 26. Bf4 e3 27. Bxd6 Qd7 28. Qd4 Ne6 29. Qxe3 Nb2 30. Rdb1 Nxc4 31. Bxc4 Rxc4 32. Be5 Bxc2 33. Rc1 Qc6 34. Bb2 h6 35. Qg3 Kh7 36. Re1 Bg6 37. Rad1 Rc2 38. Rd6 Qc5 39. Be5 a5 40. h4 h5 41. Rd7 b5 42. Bd6 Qc6 43. Ra7 Rc4 44. Rxe6 Rg4 45. Ree7 Rxg3 46. Bxg3 a4 47. Rec7 Qd5 48. Rd7 Qb3 49. Rd8 Be4 50. Re7 a3 51. f3 a2 52. Be5 Qe3+ 53. Kh2 Bxf3 54. Ree8 Qf2 0-1

[Event "Chennai op 13th"]
[Site "Chennai"]
[Date "2022.06.22"]
[Round "5"]
[White "Konguvel, Ponnuswamy"]
[Black "Sivathanujan, S."]
[Result "1-0"]
[WhiteElo "2299"]
[BlackElo "1736"]
[PlyCount "165"]
[EventDate "2022.06.19"]
[EventType "swiss"]
[EventRounds "10"]
[EventCountry "IND"]
[SourceTitle "CBM 209 Extra"]
[Source "ChessBase"]
[SourceDate "2022.09.30"]
[SourceVersion "1"]
[SourceVersionDate "2022.09.30"]
[SourceQuality "1"]

1. e4 c5 2. Nf3 e6 3. d4 cxd4 4. Nxd4 a6 5. Bd3 Qc7 6. 0-0 Nf6 7. Qe2 d6 8. c4 Nbd7 9. f4 Nc5 10. Nc3 Nxd3 11. Qxd3 Bd7 12. Bd2 Rc8 13. b3 g6 14. Rac1 Bg7 15. Kh1 0-0 16. Be3 Qa5 17. Nde2 Rfd8 18. a4 Qb4 19. Nd4 Qa5 20. Bg1 Nh5 21. Nde2 Bc6 22. Qe3 Nf6 23. Rfd1 h5 24. h3 Bf8 25. Nd4 Be8 26. f5 exf5 27. exf5 Qe5 28. fxg6 fxg6 29. Ne6 Qxe3 30. Bxe3 Rd7 31. Rf1 Be7 32. Bd4 Nh7 33. Nd5 Bf7 34. Nb6 Bxe6 35. Nxc8 Bh4 36. Nb6 Rd8 37. Nd5 Bf5 38. Kh2 Bd3 39. Rf3 Be4 40. Rff1 Bd3 41. Rfd1 Be4 42. Rc3 b5 43. axb5 axb5 44. Ra1 Rd7 45. Re3 Bxd5 46. cxd5 Bf6 47. Bxf6 Nxf6 48. Re6 Nxd5 49. Rxg6+ Kh7 50. Rg5 Nc3 51. Rxh5+ Kg6 52. Rh4 d5 53. Rd4 Kf5 54. Re1 Rb7 55. Re3 b4 56. g4+ Kf6 57. Kg3 Ne4+ 58. Rexe4 dxe4 59. Rxe4 Kg6 60. h4 Rb5 61. Kf4 Rb8 62. h5+ Kh6 63. Re6+ Kg7 64. g5 Rf8+ 65. Ke4 Rf1 66. Re7+ Kg8 67. Rb7 Rh1 68. Kf5 Rc1 69. Rxb4 Rc5+ 70. Kg4 Rc7 71. Rb6 Kg7 72. h6+ Kh7 73. Kh5 Rc8 74. Rb7+ Kh8 75. b4 Kg8 76. b5 Rd8 77. Rc7 Rb8 78. Kg6 Kh8 79. Rc6 Rg8+ 80. Kh5 Rb8 81. b6 Kg8 82. Kg6 Kh8 83. b7 1-0

[Event "Visakhapatnam Vizag op"]
[Site "Visakhapatnam"]
[Date "2022.06.15"]
[Round "8"]
[White "Konguvel, Ponnuswamy"]
[Black "Mitrabha, Guha"]
[Result "0-1"]
[WhiteElo "2299"]
[BlackElo "2499"]
[PlyCount "113"]
[EventDate "2022.06.10"]
[EventType "swiss"]
[EventRounds "10"]
[EventCountry "IND"]
[SourceTitle "CBM 208 Extra"]
[Source "ChessBase"]
[SourceDate "2022.07.31"]
[SourceVersion "1"]
[SourceVersionDate "2022.07.31"]
[SourceQuality "1"]

1. e4 e5 2. Nf3 Nc6 3. Bb5 f5 4. d3 fxe4 5. dxe4 Nf6 6. 0-0 Bc5 7. Bxc6 bxc6 8. Nxe5 0-0 9. Nc3 d6 10. Na4 Qe8 11. Nd3 Bg4 12. Qe1 Bd4 13. c3 Bb6 14. Nxb6 axb6 15. Bf4 Bc8 16. f3 Ba6 17. Qd2 Nd7 18. Bg3 Nc5 19. c4 Bxc4 20. Rfc1 Bxd3 21. b4 Nxe4 22. Qxd3 Nxg3 23. hxg3 c5 24. a4 Qe5 25. f4 Qf5 26. Qf3 Ra7 27. a5 cxb4 28. axb6 Rxa1 29. Rxa1 Qc5+ 30. Kh2 cxb6 31. Ra7 Qd4 32. Rd7 h6 33. Qb3+ Kh8 34. Qe6 Qf6 35. Rxd6 Qxe6 36. Rxe6 Rb8 37. Re4 b3 38. Rb4 b5 39. g4 Kg8 40. Kg3 Kf7 41. Kf3 Ke6 42. Ke4 Kd6 43. Kd4 Kc6 44. Rxb3 Re8 45. f5 Re2 46. g3 Rc2 47. Rf3 Kb6 48. f6 gxf6 49. Rxf6+ Rc6 50. Rf8 Ka5 51. Kd5 Rc3 52. Rh8 Rxg3 53. Kc5 Rc3+ 54. Kd5 Rc4 55. Rxh6 Rxg4 56. Rh8 b4 57. Rb8 0-1

[Event "Visakhapatnam Vizag op"]
[Site "Visakhapatnam"]
[Date "2022.06.14"]
[Round "6"]
[White "Konguvel, Ponnuswamy"]
[Black "Stupak, Kirill"]
[Result "1/2-1/2"]
[WhiteElo "2299"]
[BlackElo "2453"]
[PlyCount "82"]
[EventDate "2022.06.10"]
[EventType "swiss"]
[EventRounds "10"]
[EventCountry "IND"]
[SourceTitle "CBM 208 Extra"]
[Source "ChessBase"]
[SourceDate "2022.07.31"]
[SourceVersion "1"]
[SourceVersionDate "2022.07.31"]
[SourceQuality "1"]

1. e4 e6 2. d4 d5 3. e5 c5 4. c3 Qb6 5. Nf3 Nc6 6. Bd3 cxd4 7. 0-0 Bd7 8. Re1 Nge7 9. h4 Rc8 10. Nbd2 dxc3 11. bxc3 Na5 12. Rb1 Qc7 13. Nb3 Nxb3 14. axb3 Qxc3 15. b4 a6 16. Be3 Qc7 17. b5 Bxb5 18. Bxb5+ axb5 19. Rxb5 Nf5 20. Qa4 Qd7 21. Rc1 Rxc1+ 22. Bxc1 Be7 23. Qa8+ Qd8 24. Qxd8+ Bxd8 25. Rxb7 0-0 26. Ba3 Re8 27. Rb8 g6 28. g4 Ng7 29. Kg2 Bc7 30. Rb7 Rc8 31. Be7 h5 32. Kg3 hxg4 33. Kxg4 Ne8 34. Ng5 Bxe5 35. Nxf7 Kxf7 36. Bd6+ Kf6 37. Be7+ Kf7 38. Bd6+ Rc7 39. Rxc7+ Nxc7 40. Bxe5 Na6 41. Bd6 e5 1/2-1/2

[Event "Visakhapatnam Vizag op"]
[Site "Visakhapatnam"]
[Date "2022.06.12"]
[Round "4"]
[White "Konguvel, Ponnuswamy"]
[Black "Nigmatov, Ortik"]
[Result "1-0"]
[WhiteElo "2299"]
[BlackElo "2462"]
[PlyCount "85"]
[EventDate "2022.06.10"]
[EventType "swiss"]
[EventRounds "10"]
[EventCountry "IND"]
[SourceTitle "CBM 208 Extra"]
[Source "ChessBase"]
[SourceDate "2022.07.31"]
[SourceVersion "1"]
[SourceVersionDate "2022.07.31"]
[SourceQuality "1"]

1. e4 e5 2. Nf3 Nc6 3. Bb5 a6 4. Ba4 Nf6 5. 0-0 Bc5 6. c3 b5 7. Bb3 d6 8. d4 Bb6 9. Be3 0-0 10. Nbd2 Re8 11. Re1 Na5 12. Bc2 Ng4 13. Bg5 f6 14. Bh4 c5 15. b4 cxb4 16. cxb4 Nc6 17. Bb3+ Kh8 18. h3 Nh6 19. Bd5 Bb7 20. Nb3 Qe7 21. Qd2 Rac8 22. a3 Nd8 23. Bxb7 Nxb7 24. d5 Rc4 25. Rac1 Rec8 26. Rxc4 bxc4 27. Qc3 Qd7 28. Nbd2 g5 29. Bg3 g4 30. hxg4 Qxg4 31. Bh4 Qg6 32. Nxc4 Ba7 33. Nfd2 f5 34. Nxe5 Rxc3 35. Nxg6+ Kg7 36. Ne7 f4 37. Nf5+ Kg6 38. Nxh6 Kxh6 39. Nf3 Rxa3 40. e5 dxe5 41. Rxe5 Bb8 42. Re6+ Kh5 43. Rb6 1-0

[Event "Bhubaneswar op-A 13th"]
[Site "Bhubaneswar"]
[Date "2022.05.25"]
[Round "5"]
[White "Mayank, Chakraborty"]
[Black "Konguvel, Ponnuswamy"]
[Result "1-0"]
[WhiteElo "2015"]
[BlackElo "2331"]
[PlyCount "97"]
[EventDate "2022.05.22"]
[EventType "swiss"]
[EventRounds "10"]
[EventCountry "IND"]
[SourceTitle "CBM 208 Extra"]
[Source "ChessBase"]
[SourceDate "2022.07.31"]
[SourceVersion "1"]
[SourceVersionDate "2022.07.31"]
[SourceQuality "1"]

1. e4 c5 2. Nf3 g6 3. d4 cxd4 4. Nxd4 Nc6 5. Nc3 Bg7 6. Be3 Nf6 7. Bc4 0-0 8. Bb3 d6 9. f3 Bd7 10. Qd2 Nxd4 11. Bxd4 b5 12. a4 bxa4 13. Bxa4 Bxa4 14. Rxa4 Qb8 15. 0-0 Rc8 16. b3 Qb7 17. Kh1 e6 18. Rfa1 a6 19. Ra5 Qc6 20. R1a2 e5 21. Nd5 Nxd5 22. exd5 Qe8 23. Bg1 e4 24. Rxa6 exf3 25. Rxa8 fxg2+ 26. Kxg2 Rxa8 27. Rxa8 Qxa8 28. c4 h5 29. b4 Qc8 30. Qe2 Qf5 31. b5 h4 32. h3 Be5 33. b6 Qb1 34. c5 Qb3 35. c6 Qg3+ 36. Kh1 Qxh3+ 37. Bh2 Bxh2 38. Qg2 Qb3 39. c7 Bg3 40. c8Q+ Kg7 41. Qc1 Be5 42. Qcg1 h3 43. Qe4 Qb2 44. Qf3 Bd4 45. Qgf1 f5 46. Q3e2 Qxb6 47. Qe7+ Kg8 48. Qc1 Bc5 49. Qa1 1-0

[Event "Gujarat op 3rd"]
[Site "Ahmedabad"]
[Date "2022.04.06"]
[Round "9"]
[White "Jain, Kashish Manoj"]
[Black "Konguvel, Ponnuswamy"]
[Result "1-0"]
[WhiteElo "2162"]
[BlackElo "2358"]
[PlyCount "99"]
[EventDate "2022.03.31"]
[EventType "swiss"]
[EventRounds "10"]
[EventCountry "IND"]
[SourceTitle "CBM 207 Extra"]
[Source "ChessBase"]
[SourceDate "2022.05.31"]
[SourceVersion "1"]
[SourceVersionDate "2022.05.31"]
[SourceQuality "1"]

1. e4 c5 2. Nf3 Nc6 3. Bb5 g6 4. 0-0 Bg7 5. Re1 e5 6. Nc3 Nge7 7. a3 0-0 8. Bc4 d6 9. Rb1 Be6 10. Nd5 h6 11. b4 b6 12. d3 Nd4 13. Nxe7+ Qxe7 14. Nd2 Rac8 15. c3 Nc6 16. Bd5 Qd7 17. Qb3 Bxd5 18. exd5 Ne7 19. c4 f5 20. bxc5 Rxc5 21. a4 g5 22. Ba3 Rc7 23. Qb5 Ng6 24. a5 bxa5 25. Qxd7 Rxd7 26. g3 e4 27. dxe4 Bc3 28. exf5 Bxd2 29. Re6 Ne5 30. Bxd6 Nf3+ 31. Kg2 Rxf5 32. c5 Bb4 33. c6 Rxd6 34. Rxb4 Rdxd5 35. Rb7 Rc5 36. Re8+ Rf8 37. Rxf8+ Kxf8 38. c7 Ne1+ 39. Kf1 Ke8 40. Kxe1 Kd7 41. Rxa7 Rxc7 42. Rxa5 Rc1+ 43. Ke2 Rh1 44. h4 gxh4 45. Rh5 h3 46. Rxh6 Ke7 47. Kf3 Kf7 48. g4 h2 49. Rh4 Kg6 50. Kg3 1-0

[Event "Mumbai Wealth op 5th"]
[Site "Mumbai"]
[Date "2020.01.07"]
[Round "9"]
[White "Konguvel, Ponnuswamy"]
[Black "Lokesh, N1."]
[Result "1/2-1/2"]
[WhiteElo "2367"]
[BlackElo "2240"]
[PlyCount "72"]
[EventDate "2019.12.30"]
[EventType "swiss"]
[EventRounds "9"]
[EventCountry "IND"]
[SourceTitle "CBM 194 Extra"]
[Source "ChessBase"]
[SourceDate "2020.03.31"]
[SourceVersion "1"]
[SourceVersionDate "2020.03.31"]
[SourceQuality "1"]

1. e4 e5 2. Nf3 Nf6 3. Nxe5 d6 4. Nf3 Nxe4 5. Nc3 Nxc3 6. dxc3 Be7 7. Be3 0-0 8. Qd2 Nd7 9. 0-0-0 b6 10. h4 Bb7 11. h5 Nc5 12. Bc4 Ne4 13. Qd3 Bf6 14. Bd5 Bxd5 15. Qxd5 Re8 16. g4 h6 17. Rhe1 Qd7 18. Nd4 Bxd4 19. Qxd4 c5 20. Qd5 Nf6 21. Qd2 Nxg4 22. Rg1 Qe6 23. Rg3 Qxa2 24. Qe2 Nxe3 25. fxe3 Re5 26. Qg2 Rd8 27. Rxg7+ Kf8 28. Rg8+ Ke7 29. Qb7+ Rd7 30. Qa8 Rf5 31. Qf8+ Ke6 32. Qxh6+ Ke7 33. Qf8+ Ke6 34. Qh6+ Ke7 35. Qf8+ Ke6 36. Qh6+ Ke7 1/2-1/2

[Event "Mumbai Wealth op 5th"]
[Site "Mumbai"]
[Date "2020.01.06"]
[Round "8"]
[White "Vatsal, Singhania"]
[Black "Konguvel, Ponnuswamy"]
[Result "1/2-1/2"]
[WhiteElo "2252"]
[BlackElo "2367"]
[PlyCount "90"]
[EventDate "2019.12.30"]
[EventType "swiss"]
[EventRounds "9"]
[EventCountry "IND"]
[SourceTitle "CBM 194 Extra"]
[Source "ChessBase"]
[SourceDate "2020.03.31"]
[SourceVersion "1"]
[SourceVersionDate "2020.03.31"]
[SourceQuality "1"]

1. e4 c5 2. Nf3 d6 3. d4 cxd4 4. Nxd4 Nf6 5. Nc3 e6 6. Be2 a6 7. 0-0 Be7 8. f4 0-0 9. Be3 Nc6 10. a4 Qc7 11. Kh1 Bd7 12. Nb3 b6 13. g4 Bc8 14. g5 Nd7 15. Bf3 Re8 16. Bg2 Bf8 17. Rf3 Rb8 18. Rh3 g6 19. Qe1 Bg7 20. Qf2 Ne7 21. Rf1 f5 22. Bd4 e5 23. fxe5 dxe5 24. exf5 Nxf5 25. Bd5+ Kh8 26. Be3 Bb7 27. Qg2 Nf8 28. Bg1 Ne6 29. Bxb7 Qxb7 30. Qxb7 Rxb7 31. Ne4 Rc7 32. Rc3 Rxc3 33. bxc3 b5 34. axb5 axb5 35. Rb1 Bf8 36. Nbd2 Rb8 37. Nc4 Rd8 38. Nxe5 Rd5 39. Nd3 Be7 40. Nf6 Bxf6 41. gxf6 Kg8 42. Re1 Kf7 43. Rxe6 Rxd3 44. cxd3 Kxe6 45. Bc5 Ke5 1/2-1/2

[Event "Mumbai Wealth op 5th"]
[Site "Mumbai"]
[Date "2019.12.31"]
[Round "2"]
[White "Zia, Tahsin Tajwar"]
[Black "Konguvel, Ponnuswamy"]
[Result "0-1"]
[WhiteElo "2148"]
[BlackElo "2367"]
[PlyCount "78"]
[EventDate "2019.12.30"]
[EventType "swiss"]
[EventRounds "9"]
[EventCountry "IND"]
[SourceTitle "CBM 194 Extra"]
[Source "ChessBase"]
[SourceDate "2020.03.31"]
[SourceVersion "1"]
[SourceVersionDate "2020.03.31"]
[SourceQuality "1"]

1. d4 Nf6 2. Nf3 g6 3. Bf4 Bg7 4. e3 0-0 5. h3 b6 6. a4 a6 7. Be2 Bb7 8. 0-0 d6 9. c4 Nc6 10. Nc3 Re8 11. d5 Nb4 12. a5 bxa5 13. Rxa5 c6 14. Qa4 Qb6 15. e4 Nd7 16. Be3 Nc5 17. Bxc5 dxc5 18. Ra1 cxd5 19. Nxd5 Nxd5 20. cxd5 Qxb2 21. Ra2 Qb1+ 22. Kh2 Qb4 23. Qc2 e6 24. Bxa6 Bxa6 25. Rxa6 Rxa6 26. Rxa6 exd5 27. exd5 Qf4+ 28. Kh1 Bf8 29. Qd2 Qc4 30. Ra1 Re2 31. Qg5 Rxf2 32. Ra8 h6 33. Qg3 Qf1+ 34. Ng1 Kg7 35. Qe5+ Kh7 36. Qe4 Bd6 37. Rd8 Be5 38. d6 Bd4 39. d7 Rd2 0-1

[Event "IND-ch 57th"]
[Site "Majitar"]
[Date "2019.12.19"]
[Round "11"]
[White "Konguvel, Ponnuswamy"]
[Black "Das, Arghyadip"]
[Result "1/2-1/2"]
[WhiteElo "2367"]
[BlackElo "2459"]
[PlyCount "154"]
[EventDate "2019.12.10"]
[EventType "swiss"]
[EventRounds "11"]
[EventCountry "IND"]
[SourceTitle "CBM 193 Extra"]
[Source "ChessBase"]
[SourceDate "2020.01.31"]
[SourceVersion "1"]
[SourceVersionDate "2020.01.31"]
[SourceQuality "1"]

1. e4 c5 2. Nf3 d6 3. d4 cxd4 4. Nxd4 Nf6 5. Nc3 a6 6. Bg5 e6 7. f4 Qb6 8. Qd3 Qxb2 9. Rb1 Qa3 10. f5 Qa5 11. Bd2 Qc7 12. fxe6 fxe6 13. Be2 Nc6 14. Qc4 Qd7 15. Na4 b5 16. Qxc6 Qxc6 17. Nxc6 bxa4 18. e5 dxe5 19. Nxe5 Bd6 20. Bf3 Ra7 21. Nc4 Bc5 22. Ke2 Nd5 23. Ne5 0-0 24. c4 Ne7 25. Bc3 Nf5 26. Rhd1 Rc7 27. Rb8 Ba7 28. Ra8 Bc5 29. Rb8 Ba7 30. Ra8 Bc5 31. Ba5 Ra7 32. Rb8 Nd4+ 33. Rxd4 Bxd4 34. Nc6 Rd7 35. Bb4 Re8 36. Nxd4 Rxd4 37. Bc6 Red8 38. Ba5 Rxc4 39. Bxa4 Rxa4 40. Bxd8 Rxa2+ 41. Kd3 Bd7 42. Bh4+ Kf7 43. Rb7 Ke8 44. Rb8+ Kf7 45. Rb7 g5 46. Rxd7+ Ke8 47. Rxh7 gxh4 48. Rxh4 Rxg2 49. Ra4 Rxh2 50. Rxa6 Kf7 51. Ke4 Kf6 52. Ra5 Rh1 53. Rb5 Re1+ 54. Kf3 Ke7 55. Ra5 Kd6 56. Kf2 Re4 57. Kf3 Rh4 58. Ke3 Ke7 59. Ra7+ Kf6 60. Ra5 Rb4 61. Kf3 Rb1 62. Ke3 Re1+ 63. Kf2 Re5 64. Rxe5 Kxe5 65. Ke3 Kf5 66. Kf3 Ke5 67. Ke3 Kd5 68. Kd3 e5 69. Ke3 e4 70. Ke2 Kd4 71. Kd2 e3+ 72. Ke2 Ke4 73. Ke1 Ke5 74. Ke2 Kf4 75. Ke1 Kf3 76. Kf1 e2+ 77. Ke1 Ke3 1/2-1/2

[Event "IND-ch 57th"]
[Site "Majitar"]
[Date "2019.12.18"]
[Round "10"]
[White "Ravi, Teja Sanka"]
[Black "Konguvel, Ponnuswamy"]
[Result "1/2-1/2"]
[WhiteElo "2455"]
[BlackElo "2367"]
[PlyCount "64"]
[EventDate "2019.12.10"]
[EventType "swiss"]
[EventRounds "11"]
[EventCountry "IND"]
[SourceTitle "CBM 193 Extra"]
[Source "ChessBase"]
[SourceDate "2020.01.31"]
[SourceVersion "1"]
[SourceVersionDate "2020.01.31"]
[SourceQuality "1"]

1. d4 Nf6 2. c4 g6 3. Nc3 Bg7 4. g3 0-0 5. Bg2 d6 6. Nf3 Nbd7 7. 0-0 e5 8. e4 exd4 9. Nxd4 Re8 10. h3 Nc5 11. Re1 Bd7 12. Bf4 h6 13. Qc2 Nfxe4 14. Nxe4 Bxd4 15. Rad1 Nxe4 16. Rxd4 Ng5 17. Rxe8+ Qxe8 18. Bxg5 hxg5 19. Bxb7 Qe1+ 20. Kh2 Re8 21. Re4 Rxe4 22. Bxe4 Be6 23. b3 Kf8 24. Kg2 Qa1 25. Bf3 Qh8 26. g4 Qe5 27. Qe4 Qxe4 28. Bxe4 Ke7 29. Kg3 Kf6 30. Kf3 Ke5 31. Ke3 c5 32. Bc6 a5 1/2-1/2

[Event "Udaipur Lakecity op 1st"]
[Site "Udaipur"]
[Date "2019.09.18"]
[Round "8"]
[White "Laxman, Rajaram"]
[Black "Konguvel, Ponnuswamy"]
[Result "1/2-1/2"]
[WhiteElo "2437"]
[BlackElo "2374"]
[PlyCount "67"]
[EventDate "2019.09.13"]
[EventType "swiss"]
[EventRounds "10"]
[EventCountry "IND"]
[SourceTitle "EXT 2020"]
[Source "ChessBase"]
[SourceDate "2019.10.17"]
[SourceVersion "1"]
[SourceVersionDate "2019.10.17"]
[SourceQuality "1"]

1. d4 Nf6 2. Nf3 g6 3. Bg5 Bg7 4. Nbd2 0-0 5. c3 d6 6. e4 c5 7. dxc5 dxc5 8. Bc4 Nc6 9. 0-0 Qc7 10. Re1 h6 11. Bxf6 Bxf6 12. Qc2 Bg7 13. h3 Na5 14. a4 Nxc4 15. Nxc4 b6 16. Ne3 e6 17. Nc4 Ba6 18. b3 Bxc4 19. bxc4 Rfd8 20. e5 Rd7 21. a5 bxa5 22. Reb1 Rb8 23. Qe4 Rxb1+ 24. Rxb1 a4 25. Ra1 Qb7 26. Qxb7 Rxb7 27. Rxa4 Rb3 28. Rxa7 Rxc3 29. Ra8+ Kh7 30. Ra4 Rc1+ 31. Kh2 Rc2 32. Kg1 Rc1+ 33. Kh2 Rc2 34. Kg1 1/2-1/2

[Event "Udaipur Lakecity blitz op 1st"]
[Site "Udaipur"]
[Date "2019.09.16"]
[Round "7"]
[White "Rahman, Ziaur"]
[Black "Konguvel, Ponnuswamy"]
[Result "1-0"]
[WhiteElo "2445"]
[BlackElo "2295"]
[PlyCount "129"]
[EventDate "2019.09.16"]
[EventType "swiss (blitz)"]
[EventRounds "9"]
[EventCountry "IND"]
[SourceTitle "EXT 2020"]
[Source "ChessBase"]
[SourceDate "2019.10.17"]
[SourceVersion "1"]
[SourceVersionDate "2019.10.17"]
[SourceQuality "1"]

1. d4 Nf6 2. Bg5 d5 3. e3 c5 4. Bxf6 gxf6 5. Nc3 e6 6. Qh5 Nc6 7. 0-0-0 cxd4 8. exd4 Bb4 9. Nge2 Bd7 10. a3 Be7 11. f4 f5 12. h3 a6 13. g4 fxg4 14. hxg4 b5 15. Bg2 b4 16. axb4 Nxb4 17. f5 Qa5 18. fxe6 Bxe6 19. Kb1 Rc8 20. Rh3 Kd7 21. Nc1 Qb6 22. Nb3 Qd6 23. Nc5+ Kc6 24. Re3 Bf6 25. Ne2 Rhg8 26. Nxe6 fxe6 27. Qf7 Rgf8 28. Qxe6 Qxe6 29. Rxe6+ Kd7 30. Rb6 Nc6 31. Bxd5 Rfe8 32. Nf4 Bg5 33. Nh3 Be3 34. Rb7+ Kd6 35. Bxc6 Rxc6 36. Rxh7 Rec8 37. c3 Rb8 38. Kc2 Rcb6 39. Rb1 Rf8 40. Kd3 Rf3 41. Ke4 Rg3 42. Rh5 Rb7 43. Nf4 Re7+ 44. Kf5 Rf7+ 45. Kg6 Rxf4 46. g5 Rfg4 47. Kf6 Bxg5+ 48. Kf5 Bd8 49. Rh6+ Kd7 50. Rxa6 Rg5+ 51. Ke4 R5g4+ 52. Kd5 Rg5+ 53. Kc4 Bc7 54. Kb3 Rb5+ 55. Ka4 Rb8 56. Ka3 Rg5 57. Ka2 Rgb5 58. b4 Rf5 59. Kb3 Re8 60. Rh1 Rf3 61. Rh7+ Kc8 62. Rc6 Kb8 63. Rcxc7 Re1 64. Rce7 Rxe7 65. Rxe7 1-0

[Event "Udaipur Lakecity op 1st"]
[Site "Udaipur"]
[Date "2019.09.16"]
[Round "5"]
[White "Sibi Visal, R."]
[Black "Konguvel, Ponnuswamy"]
[Result "1/2-1/2"]
[WhiteElo "2022"]
[BlackElo "2374"]
[PlyCount "136"]
[EventDate "2019.09.13"]
[EventType "swiss"]
[EventRounds "10"]
[EventCountry "IND"]
[SourceTitle "EXT 2020"]
[Source "ChessBase"]
[SourceDate "2019.10.17"]
[SourceVersion "1"]
[SourceVersionDate "2019.10.17"]
[SourceQuality "1"]

1. c4 g6 2. Nc3 Bg7 3. g3 e5 4. Bg2 Nc6 5. Nf3 d6 6. 0-0 Nf6 7. Rb1 0-0 8. d3 h6 9. b4 a6 10. a4 Be6 11. Qc2 Qd7 12. b5 axb5 13. axb5 Ne7 14. Bb2 Bh3 15. Ra1 Rab8 16. Ra7 Bxg2 17. Kxg2 Nh5 18. Rfa1 f5 19. R1a5 g5 20. Ba1 Qe6 21. Nd2 c6 22. Qa2 g4 23. Ra8 Rxa8 24. Rxa8 cxb5 25. Nxb5 Nc6 26. Nc7 Qf7 27. Rxf8+ Bxf8 28. Nd5 Nf6 29. Nxf6+ Qxf6 30. Bc3 Qf7 31. Nf1 h5 32. Qd2 Kh7 33. Qa2 Bh6 34. Ne3 Ne7 35. Nf1 f4 36. Nd2 f3+ 37. exf3 Bxd2 38. Qxd2 Qxf3+ 39. Kg1 h4 40. gxh4 Ng6 41. Qe3 Nf4 42. Qxf3 gxf3 43. Bb4 Nxd3 44. Bxd6 e4 45. h3 Kg6 46. Be7 Nf4 47. Bd6 Nxh3+ 48. Kf1 Kh5 49. Ke1 Kxh4 50. Bg3+ Kg4 51. Kd2 Nf4 52. Ke3 Nh5 53. Be5 Kf5 54. Bh2 Nf6 55. Bg3 b6 56. Bh4 Nd7 57. Kd4 Ne5 58. Bg3 Ng4 59. Bh4 Ne5 60. Bg3 Nc6+ 61. Ke3 Na5 62. Kd4 Nb3+ 63. Ke3 Nc5 64. Bc7 Nd3 65. Bg3 Nc1 66. Bc7 Nd3 67. Bg3 Ne1 68. Kd2 Nd3 1/2-1/2

[Event "Udaipur Lakecity op 1st"]
[Site "Udaipur"]
[Date "2019.09.15"]
[Round "4"]
[White "Konguvel, Ponnuswamy"]
[Black "Das, Sayantan"]
[Result "0-1"]
[WhiteElo "2374"]
[BlackElo "2434"]
[PlyCount "120"]
[EventDate "2019.09.13"]
[EventType "swiss"]
[EventRounds "10"]
[EventCountry "IND"]
[SourceTitle "EXT 2020"]
[Source "ChessBase"]
[SourceDate "2019.10.17"]
[SourceVersion "1"]
[SourceVersionDate "2019.10.17"]
[SourceQuality "1"]

1. e4 e6 2. d4 d5 3. Nc3 Nf6 4. e5 Nfd7 5. f4 c5 6. Nf3 Nc6 7. Be3 Be7 8. Qd2 0-0 9. dxc5 Nxc5 10. 0-0-0 a6 11. Qf2 b6 12. Qg3 Qc7 13. f5 Kh8 14. Bf4 Qb7 15. fxe6 Bxe6 16. Kb1 b5 17. Bd3 d4 18. Ne2 Nb4 19. Nc1 Ncxd3 20. cxd3 Qd5 21. Qf2 Rfd8 22. b3 Rac8 23. Rd2 Rd7 24. Rhd1 a5 25. Rb2 Qc5 26. Ne2 Bf5 27. Ne1 Nd5 28. Bd2 Be6 29. Rc2 Nc3+ 30. Nxc3 dxc3 31. Qxc5 Rxc5 32. Bxc3 b4 33. Bb2 Rcd5 34. Rc8+ Bd8 35. Kc2 h6 36. d4 Bf5+ 37. Nd3 Kh7 38. h3 Bb6 39. g4 Bg6 40. Kc1 Bxd4 41. Bxd4 Rxd4 42. Nf2 Rxd1+ 43. Nxd1 Rd5 44. Ne3 Rxe5 45. Nc4 Re1+ 46. Kd2 Ra1 47. h4 Rxa2+ 48. Ke3 Rc2 49. Ra8 Rc3+ 50. Kd4 Bc2 51. Nxa5 Rg3 52. g5 hxg5 53. hxg5 Bxb3 54. Rb8 Rg4+ 55. Kd3 Be6 56. Nc6 b3 57. Nd4 Bd5 58. Ke3 Rxg5 59. Kf4 Rg2 60. Rb5 b2 0-1

[Event "Udaipur Lakecity op 1st"]
[Site "Udaipur"]
[Date "2019.09.13"]
[Round "2"]
[White "Konguvel, Ponnuswamy"]
[Black "Aniruddh, Chatterjee"]
[Result "1-0"]
[WhiteElo "2374"]
[BlackElo "1805"]
[PlyCount "99"]
[EventDate "2019.09.13"]
[EventType "swiss"]
[EventRounds "10"]
[EventCountry "IND"]
[SourceTitle "EXT 2020"]
[Source "ChessBase"]
[SourceDate "2019.10.17"]
[SourceVersion "1"]
[SourceVersionDate "2019.10.17"]
[SourceQuality "1"]

1. e4 c5 2. Nf3 d6 3. d4 cxd4 4. Nxd4 Nf6 5. Nc3 a6 6. Bg5 e6 7. f4 b5 8. e5 dxe5 9. fxe5 Qc7 10. exf6 Qe5+ 11. Be2 Qxg5 12. 0-0 Ra7 13. Qd3 Rd7 14. Ne4 Qg6 15. Qe3 Bb7 16. Bf3 Bxe4 17. Bxe4 Qh6 18. Qxh6 gxh6 19. Nb3 Bd6 20. Rf3 Be5 21. c3 Rc7 22. Raf1 Nd7 23. Na5 Rg8 24. Bxh7 Rg4 25. a3 Nc5 26. Re1 Nd7 27. Ref1 Nc5 28. Re1 Nd7 29. Be4 Bxf6 30. Bc6 Bd8 31. Rd1 Rg7 32. Rfd3 f5 33. Rd6 e5 34. Nb7 Bg5 35. Kf2 e4 36. g3 Rf7 37. h4 Bf6 38. Bd5 Re7 39. Rxa6 Kf8 40. Nd8 Rc8 41. Ne6+ Kf7 42. Nf4+ Kg7 43. Be6 Rc7 44. Bxd7 Rcxd7 45. Nh5+ Kg6 46. Rxd7 Rxd7 47. Nxf6 Rd2+ 48. Ke3 Rxb2 49. Nxe4+ Kg7 50. Nd6 1-0